LEADER 01019nam--2200361---450- 001 990003109380203316 005 20110804150046.0 035 $a000310938 035 $aUSA01000310938 035 $a(ALEPH)000310938USA01 035 $a000310938 100 $a20080520d1965----km-y0itay50------ba 101 $afre 102 $aFR 105 $a||||||||001yy 200 1 $aJean Anouilh$eun auteur et ses personnages$eessai suivi d'un recueil de textes critiques de Jaen Anouilh$fPol Vandromme 210 $aParis$cTable ronde$dcopyr. 1965 215 $a249 p.$d20 cm 410 0$12001 454 1$12001 461 1$1001-------$12001 606 0 $aAnouilh, Jean$xSaggi 676 $a842.912 700 1$aVANDROMME,$bPol$0132535 801 0$aIT$bsalbc$gISBD 912 $a990003109380203316 951 $aII.4.B.275$b2575 DSLL 959 $aBK 969 $aDSLL 979 $aDSLL$b90$c20080520$lUSA01$h1437 979 $aDSLL$b90$c20110804$lUSA01$h1500 996 $aJean Anouilh$9183131 997 $aUNISA LEADER 01463nam0M2200481--I450- 001 990000310910203316 005 20080211133411.0 010 $a88-08-15056-9 035 $a0031091 035 $aUSA010031091 035 $a(ALEPH)000031091USA01 035 $a0031091 100 $a20001206h19891996km-y1ita-0103----ba 101 $aita 102 $aIT 105 $aa|||||||001yy 200 1 $aOcchio , cervello e visione$fDavid H. Hubel$g[trad. di Enrica Maria Fava, rev. di Marco Schieppati.] 210 $aBologna$cZanichelli$d1989$h1996 215 $a250 p.$cill.$d24 cm. 225 0 $aNuovi classici della scienza$v9 312 $aEye, brain and vision 410 1$12001$aNuovi classici della scienza$v6 454 1$12001$aEye, brain and vision$925920 606 $aOcchio 606 $aVista 676 $a612.84 700 $aHUBEL,$bDavid H.$0168796 801 0$aIT$bsalbc$bISBD 912 $a990000310910203316 951 $a612.84 HUB$b2491 Farm.$c612$d00068417 951 $a612.84 HUB$b136341 LM$c612 951 $aO248$b2394 DBC$cO248 959 $aBK 969 $aFAR 969 $aDBC 979 $aTAMI$b40$c20001206$lUSA01$h1621 979 $aPATTY$b90$c20011030$lUSA01$h1612 979 $aJOHNNY$b90$c20020315$lUSA01$h1320 979 $c20020403$lUSA01$h1639 979 $aPATRY$b90$c20040406$lUSA01$h1622 979 $aDBC$b90$c20080211$lUSA01$h1334 996 $aEye, brain and vision$925920 997 $aUNISA LEADER 03300nam 2200577 450 001 9910765895603321 005 20221123192009.0 024 7 $a10.1515/9781785336058 035 $a(CKB)4100000000775746 035 $a(MiAaPQ)EBC4789135 035 $a(DE-B1597)637450 035 $a(DE-B1597)9781785336058 035 $a(oapen)https://directory.doabooks.org/handle/20.500.12854/27071 035 $a(EXLCZ)994100000000775746 100 $a20170526d2017 uy| 0 101 0 $aeng 135 $aurcnu|||||||| 181 $2rdacontent 182 $2rdamedia 183 $2rdacarrier 200 00$aFertility, conjuncture, and difference $eanthropological approaches to the heterogeneity of modern fertility declines /$fedited by Philip Kreager and Astrid Bochow 210 $aUSA/UK$cBerghahn Books$d2017 210 1$aNew York :$cBerghahn Books,$d2017. 215 $a1 online resource (358 pages) $cillustrations, map 225 1 $aFertility, reproduction and sexuality : Social and cultural perspectives ;$vvolume 36 311 $a1-78533-605-3 311 $a1-78533-604-5 320 $aIncludes bibliographical references and index. 327 $tFrontmatter -- $tContents -- $tList of Illustrations, Figures and Tables -- $tPreface -- $tIntroduction -- $t1. The Key to Fertility -- $t2. Becoming and Belonging in African Historical Demography, 1900?2000 -- $t3. Between the Central Laws of Moscow and Local Particularity -- $t4. Feeling Secure to Reproduce -- $t5. Ambivalent Men -- $t6. Accounting for Reproductive Difference -- $t7. Understanding Childlessness in Botswana -- $t8. Low Fertility and Secret Family Planning in Lesotho -- $t9. ?The Doctor?s Way? -- $t10. Demographers on Culture -- $t11. Vital Conjunctures Revisited -- $tIndex 330 $aIn the last forty years anthropologists have made major contributions to understanding the heterogeneity of reproductive trends and processes underlying them. Fertility transition, rather than the story of the triumphant spread of Western birth control rationality, reveals a diversity of reproductive means and ends continuing before, during, and after transition. This collection brings together anthropological case studies, placing them in a comparative framework of compositional demography and conjunctural action.  The volume addresses major issues of inequality and distribution which shape population and social structures, and in which fertility trends and the formation and size of families are not decided solely or primarily by reproduction. 410 0$aFertility, reproduction, and sexuality ;$vv. 36. 606 $aFertility, Human$vCross-cultural studies 606 $aHuman reproduction$vCross-cultural studies 606 $aDemographic anthropology$vCase studies 610 $aDemography 610 $ahistory 610 $aAfrica 615 0$aFertility, Human 615 0$aHuman reproduction 615 0$aDemographic anthropology 676 $a304.6/32 700 $aWalters$b Sarah$4auth$01451438 702 $aKreager$b Philip 702 $aBochow$b Astrid 801 0$bMiAaPQ 801 1$bMiAaPQ 801 2$bMiAaPQ 906 $aBOOK 912 $a9910765895603321 996 $aFertility, conjuncture, and difference$93651746 997 $aUNINA